Jīvana-jyoti. (Record no. 81881)

MARC details
000 -LEADER
fixed length control field 00518cam a22002171 4500
001 - CONTROL NUMBER
control field sa 68007541
003 - CONTROL NUMBER IDENTIFIER
control field DLC
005 - DATE AND TIME OF LATEST TRANSACTION
control field 20260227112523.0
008 - FIXED-LENGTH DATA ELEMENTS--GENERAL INFORMATION
fixed length control field 900208s1967 ii 000 1 hino
010 ## - LIBRARY OF CONGRESS CONTROL NUMBER
LC control number sa 68007541
035 ## - SYSTEM CONTROL NUMBER
System control number (OCoLC)21021778
040 ## - CATALOGING SOURCE
Original cataloging agency DLC
Transcribing agency WaU
Modifying agency DLC
042 ## - AUTHENTICATION CODE
Authentication code premarc
050 00 - LIBRARY OF CONGRESS CALL NUMBER
Classification number PK2098.12.G72
Item number J5
100 1# - MAIN ENTRY--PERSONAL NAME
Personal name Agravāla, Rāmakr̥shṇa.
245 10 - TITLE STATEMENT
Title Jīvana-jyoti.
260 ## - PUBLICATION, DISTRIBUTION, ETC.
Date of publication, distribution, etc. [1967 or 8]
300 ## - PHYSICAL DESCRIPTION
Extent 126 p.
Dimensions 19 cm.
500 ## - GENERAL NOTE
General note In Hindi.
500 ## - GENERAL NOTE
General note Short stories.

No items available.

Powered by Koha